[Event "N4A2 Tarbes - Condom 2"]
[Site "?"]
[Date "2003.11.16"]
[Round "2.1"]
[White "Rich, Philippe"]
[Black "Dargagnon, Rémi"]
[Result "0-1"]
[WhiteElo "1950"]
[BlackElo "2122"]
[EventDate "2003.??.??"]
[PlyCount "79"]

1.c4 d6 2.d4 g6 3.e4 Bg7 4.Nc3 Nc6 5.d5 Nb8 6.Bd3 Nd7 7.Nge2 Ngf6 8.O-O 
O-O 9.Bg5 h6 10.Be3 c5 11.Qd2 Ne5 12.Rad1 Nfg4 13.Bf4 g5 14.Bg3 f5 15.f3 
f4 16.fxg4 fxg3 17.h3 Bxg4 18.Rxf8+ 
    ( 18.hxg4 Nxg4 19.Rxf8+ Qxf8 20.Rf1 $18 )
18...Qxf8 19.Rf1 Nf3+ 20.gxf3 Bxh3 21.Nxg3 Bxf1 22.Bxf1 Qxf3 23.Nf5 Re8 
24.Qe2 Qxe2 25.Bxe2 Kf8 26.Bh5 Rc8 27.Bg4 Rb8 28.Kf2 Bxc3 29.bxc3 b5 30.
cxb5 Rxb5 31.Ke3 Ra5 32.e5 dxe5 33.Ke4 Ra4+ 34.Kf3 Rf4+ 35.Kg3 h5 36.Bh3 
g4 37.Nh4 gxh3 38.Ng6+ Kg7 39.Nxe5 Rf5 40.Nc6 0-1

[Event "N4A2 Muret - Colomiers"]
[Site "?"]
[Date "2003.11.16"]
[Round "2.8"]
[White "Nguyen, Sébastien"]
[Black "Phan, Van-Chuong"]
[Result "0-1"]
[WhiteElo "1199"]
[BlackElo "1760"]
[EventDate "2003.??.??"]
[PlyCount "106"]

1.e4 e6 2.d4 d5 3.Nc3 dxe4 4.Nxe4 Nd7 5.Nf3 Ngf6 6.Nxf6+ Nxf6 7.c3 Be7 8.
Bd3 Bd7 9.O-O c5 10.Be3 Nd5 11.Ne5 O-O 12.Qh5 Nf6 13.Qh3 Rc8 14.Ng4 g6 15.
Nxf6+ Bxf6 16.dxc5 e5 17.Qf3 Bc6 18.Be4 Bxe4 19.Qxe4 Qc7 20.b4 Rfd8 21.
Rfd1 Bg7 22.Bg5 f6 23.Qc4+ Qf7 24.Qxf7+ Kxf7 25.Be3 h6 26.c6 bxc6 27.Bxa7 
Ke6 28.Bb6 Rxd1+ 29.Rxd1 Ra8 30.Ra1 Ra3 31.c4 f5 32.b5 cxb5 33.Bc5 Rc3 34.
Bb4 Rxc4 35.Rb1 e4 36.a3 Bb2 37.h3 Rc1+ 38.Rxc1 Bxc1 39.Kf1 Kd5 40.Ke2 Kc4
41.Kd1 Bb2 42.Kc2 Bd4 43.Be1 Bc5 44.Bd2 h5 45.Be3 Bxa3 46.Bg5 b4 47.Bf6 
b3+ 48.Kd2 Bc5 49.Ke2 Bd4 50.Bxd4 Kxd4 51.Kd2 f4 52.g3 fxg3 53.fxg3 e3+ 
0-1

[Event "N4A2 Muret - Colomiers"]
[Site "?"]
[Date "2003.11.16"]
[Round "2.7"]
[White "Camilleri, Hervé"]
[Black "Amblard, Philippe"]
[Result "1-0"]
[WhiteElo "1800"]
[BlackElo "1499"]
[EventDate "2003.??.??"]
[PlyCount "59"]

1.e4 e6 2.d4 d5 3.exd5 exd5 4.Bd3 Nf6 5.Bf4 Be7 6.Nf3 Bg4 7.h3 Be6 8.Nbd2 
h6 9.O-O O-O 10.Re1 Re8 11.Nb3 b6 12.Qd2 Bf8 13.Ne5 Qc8 14.Rac1 c5 15.c4 
Nbd7 16.dxc5 Nxc5 17.Nd4 dxc4 18.Nxe6 Nxe6 19.Bxc4 Qd8 20.Bb5 Qxd2 21.Bxd2
Red8 22.Be3 Bc5 23.Bxc5 Nxc5 24.b4 Ne6 25.Nxf7 Kxf7 26.Bc4 Re8 27.Bxe6+ 
Kf8 28.Rc7 Red8 29.Rf7+ Ke8 30.Bd5+ 1-0

[Event "N4A2 Muret - Colomiers"]
[Site "?"]
[Date "2003.11.16"]
[Round "2.6"]
[White "Moiseyev, Vlas"]
[Black "Costes, Laurent"]
[Result "0-1"]
[WhiteElo "1499"]
[BlackElo "1780"]
[EventDate "2003.??.??"]
[PlyCount "88"]

1.e4 d6 2.d4 Nf6 3.Nc3 g6 4.Nf3 Bg7 5.Be3 O-O 6.Qd2 Nbd7 7.h3 c5 8.Bc4 a6 
9.a4 cxd4 10.Nxd4 Nc5 11.f3 Qc7 12.Ba2 e6 13.b4 Ncd7 14.Bxe6 Nb6 15.Nd5 
Nbxd5 16.Bxd5 Nxd5 17.exd5 Qc4 18.Ra3 Re8 19.Kf2 Rxe3 20.Kxe3 Bd7 21.Rd1 
Re8+ 22.Kf2 Bxd4+ 23.Qxd4 Re2+ 24.Kg3 Qxc2 25.Rg1 Qf5 26.Qg4 Qe5+ 27.f4 
Rxg2+ 28.Rxg2 Qe1+ 29.Kf3 Bxg4+ 30.hxg4 Qxb4 31.Re3 Qxa4 32.Rge2 Qc4 33.
Rd2 a5 34.f5 Kg7 35.fxg6 hxg6 36.Re4 Qc3+ 37.Ke2 b5 38.Re3 Qc4+ 39.Kf3 a4 
40.g5 b4 41.Re8 a3 42.Rh2 Qxd5+ 43.Kf4 a2 44.Rhh8 Qe5+ 0-1

[Event "N4A2 Muret - Colomiers"]
[Site "?"]
[Date "2003.11.16"]
[Round "2.5"]
[White "Partinico, Jeremy"]
[Black "Artis, Paul"]
[Result "1-0"]
[WhiteElo "1750"]
[BlackElo "1570"]
[EventDate "2003.??.??"]
[PlyCount "107"]

1.e4 c6 2.d4 d5 3.Nc3 dxe4 4.Nxe4 Bf5 5.Ng3 Bg6 6.h4 h6 7.h5 Bh7 8.Bd3 
Bxd3 9.Qxd3 e6 10.Bf4 Nd7 11.Nf3 Ngf6 12.c4 Bb4+ 13.Bd2 Bxd2+ 14.Qxd2 Qc7 
15.O-O-O O-O-O 16.Rhe1 Rhe8 17.Qc2 Ng4 18.Qe2 f5 19.Nxf5 exf5 20.Qxe8 Rxe8
21.Rxe8+ Qd8 22.Rxd8+ Kxd8 23.Rd2 Ndf6 24.Ne5 Nxh5 25.Nxg4 fxg4 26.d5 Kc7 
27.d6+ Kd7 28.c5 Nf6 29.Re2 Nd5 30.Re4 h5 31.Re5 g6 32.Kd2 b6 33.cxb6 axb6
34.Rg5 Nf4 35.g3 Nh3 36.Rxg6 Nxf2 37.Ke3 Nd1+ 38.Ke4 Nxb2 39.Rh6 Nc4 40.
Rxh5 Nxd6+ 41.Kf4 c5 42.Rd5 Kc6 43.Rd1 Nc4 44.Rc1 Kd5 45.Kxg4 Ne5+ 46.Kf5 
Nd3 47.Rd1 c4 48.g4 Kc5 49.g5 Nb2 50.Rd2 c3 51.Rc2 Kc4 52.g6 Kd3 53.Rxc3+ 
Kxc3 54.g7 1-0

[Event "N4A2 Muret - Colomiers"]
[Site "?"]
[Date "2003.11.16"]
[Round "2.4"]
[White "Artis, François"]
[Black "Pastorelli, Loïc"]
[Result "0-1"]
[WhiteElo "1680"]
[BlackElo "1840"]
[EventDate "2003.??.??"]
[PlyCount "64"]

1.e4 c5 2.Nf3 Nc6 3.c3 d5 4.exd5 Qxd5 5.Na3 a6 6.Qa4 Nf6 7.d4 Bg4 8.Ne5 
Bd7 9.Nxd7 Nxd7 10.Be3 cxd4 11.Nb5 O-O-O 12.Nxd4 Nc5 13.Qc4 Ne5 14.Qxd5 
Rxd5 15.O-O-O e6 16.Be2 Be7 17.f4 Ng6 18.Bf3 Rd7 19.g3 Rhd8 20.Kc2 Nf8 21.
b4 Na4 22.Kb3 Nb6 23.Nxe6 Rxd1 24.Rxd1 Rxd1 25.Bxd1 Nd5 26.Nxg7 Nxe3 27.
Bh5 Ne6 28.Ne8 Nd8 29.Ng7 Kd7 30.h3 Bf6 31.Bxf7 Bxg7 32.Bh5 Nf5 0-1

[Event "N4A2 Muret - Colomiers"]
[Site "?"]
[Date "2003.11.16"]
[Round "2.3"]
[White "Noailles, Thierry"]
[Black "Blesing, René"]
[Result "1-0"]
[WhiteElo "2070"]
[BlackElo "1790"]
[EventDate "2003.??.??"]
[PlyCount "33"]

1.Nf3 Nf6 2.d4 d5 3.c4 c6 4.cxd5 cxd5 5.Nc3 Bf5 6.Qb3 Qb6 7.Qxb6 axb6 8.
Bf4 e6 9.e3 Nbd7 10.Bb5 Be7 11.Ne5 Rd8 12.Bg5 Kf8 13.Nxd7+ Nxd7 14.Bxe7+ 
Kxe7 15.Kd2 Rc8 16.Rhc1 Rc7 17.Nxd5+ 1-0

[Event "N4A2 Muret - Colomiers"]
[Site "?"]
[Date "2003.11.16"]
[Round "2.2"]
[White "Cance, Jérémie"]
[Black "Bouthier, Jacques"]
[Result "1/2-1/2"]
[WhiteElo "1910"]
[BlackElo "2029"]
[EventDate "2003.??.??"]
[PlyCount "43"]

1.e4 c5 2.c3 Nf6 3.e5 Nd5 4.d4 cxd4 5.Qxd4 e6 6.Nf3 Nc6 7.Qe4 d6 8.Bc4 Nb6
9.Bb3 Nd7 10.exd6 Nf6 11.Qh4 Bxd6 12.O-O Qc7 13.Na3 a6 14.Nc4 Be7 15.Bf4 
Qd8 16.Rad1 Nd5 17.Bg5 h6 18.Bxe7 Qxe7 19.Qg3 O-O 20.Rfe1 Rd8 21.Nce5 Nxe5
22.Qxe5 1/2-1/2

[Event "N4A2 Muret - Colomiers"]
[Site "?"]
[Date "2003.11.16"]
[Round "2.1"]
[White "Carpentier, Jean-Christophe"]
[Black "Hantisse, Alain"]
[Result "1/2-1/2"]
[WhiteElo "2087"]
[BlackElo "1870"]
[EventDate "2003.??.??"]
[PlyCount "58"]

1.e4 c6 2.d4 d5 3.Nd2 dxe4 4.Nxe4 Nd7 5.Bc4 Ngf6 6.Ng5 e6 7.Qe2 Nb6 8.Bd3 
h6 9.N5f3 c5 10.dxc5 Nbd7 11.Ne5 Nxe5 12.Qxe5 Qa5+ 13.Bd2 Qxc5 14.Nf3 Ng4 
15.Qxc5 Bxc5 16.O-O O-O 17.Bc3 Be7 18.Rad1 b6 19.Bb5 a6 20.Bc6 Ra7 21.h3 
Rc7 22.Ba4 Nf6 23.Be5 Rc5 24.Bd4 Ra5 25.Bb3 Nd7 26.c4 b5 27.cxb5 Rxb5 28.
Ba4 Rd5 29.Bc3 Nb6 1/2-1/2

[Event "N4A2 Auch - CEIT III"]
[Site "?"]
[Date "2003.11.16"]
[Round "2.6"]
[White "Rigal, Samy"]
[Black "Rouède, Gilbert"]
[Result "1-0"]
[WhiteElo "1430"]
[BlackElo "1890"]
[EventDate "2003.??.??"]
[PlyCount "75"]

1.e4 c5 2.Nf3 d6 3.Nc3 Nc6 4.Bb5 Bd7 5.O-O Nf6 6.d3 g6 7.Bg5 Bg7 8.Qe2 h6 
9.Be3 Ng4 10.h3 Nxe3 11.fxe3 O-O 12.Bc4 a6 13.a3 b5 14.Ba2 b4 15.axb4 cxb4
16.Nd1 a5 17.c3 Qb6 18.cxb4 Nxb4 19.Bc4 e6 20.d4 Rfc8 21.b3 d5 22.exd5 
exd5 23.Bd3 Nxd3 24.Qxd3 Bb5 25.Qb1 Bxf1 26.Kxf1 Qb5+ 27.Kg1 Rc7 28.Qb2 
Rac8 29.Ne1 Bf8 30.e4 dxe4 31.Ne3 Rc3 32.Ng4 Rxb3 33.Qf2 Bg7 34.Rd1 h5 35.
Ne5 Bxe5 36.dxe5 Qxe5 37.Rd7 {%08DA} 37...Rc7 {?? Pas mal, n'est-ce pas ?}
38.Qxf7+ 1-0

[Event "N4A2 Auch - CEIT III"]
[Site "?"]
[Date "2003.11.16"]
[Round "2.5"]
[White "Golic, Nadil"]
[Black "Melchy, Julien"]
[Result "1-0"]
[WhiteElo "1900"]
[BlackElo "1499"]
[EventDate "2003.??.??"]
[PlyCount "115"]

1.d4 d5 2.Nf3 Nf6 3.c4 e6 4.Nc3 Be7 5.Bf4 c6 6.e3 O-O 7.Rc1 a6 8.Bd3 dxc4 
9.Bxc4 b5 10.Bd3 Bb7 11.O-O Nbd7 12.Ne4 Qb6 13.Nxf6+ Nxf6 14.e4 Rac8 15.e5
Nd5 16.Bg5 c5 17.Bxe7 Nxe7 18.Bxh7+ Kxh7 19.Ng5+ Kg6 20.Qg4 f5 21.exf6 
Kxf6 22.Nh7+ Kf7 23.Nxf8 Kxf8 24.dxc5 Rxc5 25.Rxc5 Qxc5 26.Qxe6 Qd5 27.Qg4
Qf5 28.Qb4 Qg5 29.f3 Kg8 30.Qd6 Kh7 31.Re1 Nf5 32.Qd3 Kh6 33.Re6+ g6 34.
Qc3 Kh5 35.Qh8+ Qh6 36.g4+ Kh4 37.Qxh6+ Nxh6 38.Kf2 Kg5 39.Kg3 Ng8 40.h4+ 
Kh6 41.h5 Kh7 42.Rxg6 Ne7 43.Rb6 Bc8 44.Rb8 Kg7 45.Ra8 Kh6 46.f4 b4 47.b3 
Kg7 48.Rb8 a5 49.Ra8 Be6 50.Rxa5 Nd5 51.f5 Bf7 52.g5 Nc3 53.f6+ Kh8 54.g6 
Bxg6 55.hxg6 Ne4+ 56.Kf4 Nxf6 57.Kg5 Ne4+ 58.Kh6 1-0

[Event "N4A2 Auch - CEIT III"]
[Site "?"]
[Date "2003.11.16"]
[Round "2.4"]
[White "Lafuma, Antoine"]
[Black "Pokee, Anne-Josèphe"]
[Result "0-1"]
[WhiteElo "1700"]
[BlackElo "1940"]
[EventDate "2003.??.??"]
[PlyCount "52"]

1.e4 e5 2.Nf3 Nc6 3.d4 exd4 4.Nxd4 Bc5 5.Be3 Qf6 6.c3 Nge7 7.Be2 d5 8.Qd3 
dxe4 9.Qxe4 Bxd4 10.cxd4 Bf5 11.Qf3 O-O 12.g4 Bxb1 13.Qxf6 gxf6 14.Rxb1 
Nd5 15.Bf3 Rad8 16.Rc1 Rfe8 17.Kd2 Ndb4 18.Rc4 Ne5 19.Rxb4 Nxf3+ 20.Kc3 b6
21.h4 Re4 22.Kd3 Rxg4 23.Rh3 Ne5+ 24.Ke2 c5 25.Ra4 cxd4 26.f3 d3+ 0-1

[Event "N4A2 Auch - CEIT III"]
[Site "?"]
[Date "2003.11.16"]
[Round "2.3"]
[White "Stamenoff, Ivan"]
[Black "Viatge, Fabrice"]
[Result "1/2-1/2"]
[WhiteElo "2009"]
[BlackElo "1690"]
[EventDate "2003.??.??"]
[PlyCount "85"]

1.c4 e5 2.Nc3 Nf6 3.Nf3 Nc6 4.g3 Bc5 5.Bg2 O-O 6.O-O d6 7.d3 h6 8.a3 a6 9.
b4 Ba7 10.Rb1 Rb8 11.a4 Nd4 12.Nxd4 Bxd4 13.Qc2 Bf5 14.e4 Bd7 15.Ne2 Ba7 
16.b5 Bc5 17.Be3 Bxe3 18.fxe3 Qc8 19.d4 Bh3 20.bxa6 Bxg2 21.Kxg2 bxa6 22.
Nc3 Nd7 23.Nd5 Re8 24.c5 dxc5 25.dxc5 c6 26.Nb4 a5 27.Nd3 Nf6 28.Rxb8 Qxb8
29.Rb1 Qc8 30.Qc4 Qg4 31.Nf2 Qc8 32.Rb6 Nd7 33.Rb1 Qc7 34.Qc3 Kf8 35.Nd3 
f6 36.Nb2 Rb8 37.Rd1 Ke8 38.Nc4 Rb4 39.Nd6+ Kf8 40.Kf3 Ke7 41.Nf5+ Kf8 42.
Nd6 Ke7 43.Nf5+ 1/2-1/2

[Event "N4A2 Auch - CEIT III"]
[Site "?"]
[Date "2003.11.16"]
[Round "2.2"]
[White "Broc, Alain"]
[Black "Mesples, Jean-Marc"]
[Result "1/2-1/2"]
[WhiteElo "1750"]
[BlackElo "2090"]
[EventDate "2003.??.??"]
[PlyCount "81"]

1.e4 e5 2.Nf3 Nc6 3.d4 exd4 4.Nxd4 Nge7 5.Bg5 Nxd4 6.Qxd4 Nc6 7.Qe3 Be7 8.
Bxe7 Qxe7 9.Nc3 Nb4 10.Bd3 c6 11.O-O-O O-O 12.Rhe1 d5 13.exd5 Qxe3+ 14.
Rxe3 Nxd5 15.Nxd5 cxd5 16.Bb5 Be6 17.f4 Rfd8 18.Rd4 g6 19.Red3 Rac8 20.h3 
Rc5 21.Ba4 a5 22.a3 b5 23.Bb3 Rdc8 24.Rd2 Rd8 25.Kd1 h5 26.c4 bxc4 27.Bxc4
Rb8 28.Ba2 Rcb5 29.Ke2 Rxb2 30.Bxd5 Rxd2+ 31.Rxd2 Bf5 32.Ke3 Kf8 33.Kd4 
Ke7 34.Re2+ Kd6 
    ( 34...Kf6 {+0.00} )
35.Bxf7 Rb1 36.Kc3 Rf1 37.g4 hxg4 38.hxg4 Rf3+ 39.Kb2 Bxg4 40.Rd2+ Kc5 41.
Bxg6 1/2-1/2

[Event "N4A2 Auch - CEIT III"]
[Site "?"]
[Date "2003.11.16"]
[Round "2.1"]
[White "Levieux, Pascal"]
[Black "Brauckmann, Hartwich"]
[Result "1-0"]
[WhiteElo "2059"]
[BlackElo "1820"]
[EventDate "2003.??.??"]
[PlyCount "37"]

1.d4 Nf6 2.c4 e6 3.Nf3 d5 4.g3 c5 5.Bg2 dxc4 6.O-O Be7 7.Qa4+ Bd7 8.Qxc4 
Bc6 9.dxc5 Qd5 10.Qxd5 Bxd5 11.Nc3 Bc6 12.b4 a6 13.Bf4 Nd5 14.Nxd5 Bxd5 
15.Ne5 Bxg2 16.Kxg2 Bf6 17.Rad1 g5 18.Ng4 Ke7 19.Bd6+ 1-0

[Event "REG 1 R 2 Muret/Fleurance"]
[Site "?"]
[Date "2003.11.16"]
[Round "2"]
[White "Pillot, Patrice"]
[Black "Kukov, Velislav"]
[Result "0-1"]
[WhiteElo "1599"]
[BlackElo "2239"]
[EventDate "2003.11.18"]
[PlyCount "38"]

1.e4 c6 2.d4 d5 3.e5 Bf5 4.Bd3 Bxd3 5.Qxd3 e6 6.Nf3 c5 7.c3 Nc6 8.Be3 Qb6 
9.b3 cxd4 10.cxd4 Nb4 11.Qd2 Qa6 12.Nc3 Rc8 13.Rb1 Nd3+ 14.Kd1 Bb4 15.Qe2 
Bxc3 16.h4 Ne7 17.Rh3 Nf5 18.a4 Nxe3+ 19.Qxe3 Nb2+ 0-1

[Event "REG 1 R 2 CATE/Tournefeuille"]
[Site "?"]
[Date "2003.11.16"]
[Round "2"]
[White "Grilhon, Stéphane"]
[Black "Taravaud, Evelyne"]
[Result "0-1"]
[WhiteElo "1570"]
[BlackElo "1580"]
[EventDate "2003.11.18"]
[PlyCount "103"]

1.d4 Nf6 2.c4 g6 3.Nc3 Bg7 4.e4 d6 5.f4 O-O 6.Be2 c6 7.e5 Ne8 8.Be3 d5 9.
Qb3 e6 10.Nf3 Nc7 11.O-O b6 12.Rad1 Bh6 13.g4 Re8 14.g5 Bf8 15.h4 h5 16.
gxh6 Bxh6 17.Qc2 Nd7 18.Bd3 Nf8 19.Rf2 f5 20.exf6 Qxf6 21.Rg2 Re7 22.Rf1 
Bxf4 23.Bxf4 Qxf4 24.Ne2 Qe3+ 25.Kh1 Ne8 26.Ne5 Qh3+ 27.Rh2 Qxf1+ 28.Ng1 
Qf6 29.Ngf3 Ng7 30.Rf2 Nf5 31.Nxc6 Rh7 32.Bxf5 exf5 33.cxd5 Bb7 34.Qc4 Kh8
35.Kg1 Rc8 36.Nfe5 Rxh4 37.Qe2 Rc7 38.Ng4 Qd6 39.Nge5 Rch7 40.Qf3 Rh1+ 41.
Kg2 Qf6 42.Qf4 R7h4 43.Ng4 Qf7 44.Qe5+ Qg7 45.Nf6 R1h2+ 46.Kf1 Rh1+ 47.Ke2
Ba6+ 48.Kd2 Qh6+ 49.Kc3 Qc1+ 50.Kb3 R1h3+ 51.Ka4 Qc4+ 52.Nb4 0-1

[Event "Blaye-Albi"]
[Site "Albi"]
[Date "2003.11.16"]
[Round "?"]
[White "Santou, Benjamin"]
[Black "Arlabosse, Nicolas"]
[Result "0-1"]
[WhiteElo "1710"]
[BlackElo "1600"]
[EventDate "2003.11.16"]
[PlyCount "108"]

1.e4 e5 2.Nf3 Nc6 3.Bc4 Nf6 4.Ng5 d5 5.exd5 Na5 6.Bb5+ Bd7 7.Bxd7+ Qxd7 8.
O-O Nxd5 9.Re1 Nc6 10.d4 Be7 11.dxe5 Bxg5 12.Bxg5 O-O 13.Nd2 Qf5 14.Nf3 
Nde7 15.Bxe7 Nxe7 16.Qd3 Qxd3 17.cxd3 Rad8 18.Rad1 c5 19.d4 cxd4 20.Nxd4 
Rfe8 21.f4 a6 22.Kf2 Rd5 23.Nb3 Red8 24.Rxd5 Rxd5 25.Ke3 Kf8 26.g4 Nc6 27.
Ke4 Rb5 28.Re3 a5 29.a4 Rb4+ 30.Kf3 Rxb3 31.Rxb3 Nd4+ 32.Ke4 Nxb3 33.Kd5 
Ke7 34.Kc4 Nd2+ 35.Kb5 Kd7 36.Kxa5 Nc4+ 37.Kb5 Nxb2 38.a5 Kc7 39.f5 h6 40.
h3 Nd3 41.e6 fxe6 42.fxe6 Nb2 43.Kc5 Nd3+ 44.Kd5 Nb4+ 45.Kc5 Nc6 46.Kd5 
Nxa5 47.Ke5 Nc6+ 48.Kf4 Ne7 49.Ke5 Kc6 50.h4 Kc5 51.h5 b5 52.g5 hxg5 53.h6
gxh6 54.Kf6 Nd5+ 0-1

[Event "Blaye-Albi"]
[Site "Albi"]
[Date "2003.11.16"]
[Round "?"]
[White "Lefevre, Gérard"]
[Black "Olle, Pierre"]
[Result "1-0"]
[WhiteElo "1800"]
[BlackElo "1820"]
[EventDate "2003.11.16"]
[PlyCount "95"]

1.d4 d5 2.Nf3 Nf6 3.g3 e6 4.Bg2 Be7 5.O-O O-O 6.c3 Nbd7 7.Qc2 c6 8.Nbd2 h6
9.Re1 Qb6 10.b3 c5 11.e3 Qc7 12.Bb2 b6 13.Rac1 Bb7 14.c4 Rac8 15.cxd5 exd5
16.Qf5 Qd6 17.Ne5 Qe6 18.Qxe6 fxe6 19.Ng6 Rfe8 20.Nxe7+ Rxe7 21.Nc4 dxc4 
22.Bxb7 Rc7 23.Ba6 cxb3 24.axb3 Nf8 25.Bc4 Ne4 26.Re2 Nd6 27.dxc5 Nxc4 28.
Rxc4 bxc5 29.Rec2 Rb7 30.Rxc5 Rxb3 31.Bd4 Rbb7 32.Rc8 Kf7 33.Ra2 Ng6 34.
Ra8 Rec7 35.Bxa7 Ne7 36.Bb8 Rc1+ 37.Kg2 Nc6 38.Bd6 Ne7 39.R2a4 Ng6 40.h4 
Rc6 41.Ba3 e5 42.h5 Ne7 43.R4a5 Re6 44.e4 Rc7 45.g4 Rd7 46.Rb5 Rf6 47.Rxe5
Re6 48.Rf5+ 1-0

[Event "Blaye-Albi"]
[Site "Albi"]
[Date "2003.11.16"]
[Round "?"]
[White "Dabaralle, Michel"]
[Black "Imhoff"]
[Result "1-0"]
[WhiteElo "1610"]
[BlackElo "1330"]
[EventDate "2003.11.16"]
[PlyCount "115"]

1.d4 Nf6 2.c4 c5 3.e3 g6 4.Nf3 e6 5.dxc5 Qa5+ 6.Bd2 Qxc5 7.b3 Qc7 8.Bd3 e5
9.Nc3 Bg7 10.O-O O-O 11.e4 d6 12.h3 Nbd7 13.b4 Nb6 14.Qe2 Be6 15.Nd5 Nbxd5
16.cxd5 Bd7 17.Rfc1 Qd8 18.Rc3 a6 19.Rac1 Qe8 20.Rc7 Rb8 21.R1c3 Bb5 22.
Bxb5 axb5 23.Bg5 Nh5 24.Qc2 f6 25.Be3 g5 26.Ba7 Rd8 27.Rxb7 Rf7 28.Rbc7 
Rxc7 29.Rxc7 Qg6 30.Bb6 Rf8 31.Nd2 g4 32.hxg4 Qxg4 33.Be3 f5 34.exf5 Rxf5 
35.f3 Qg6 36.Rc8+ Bf8 37.Nf1 Rxf3 38.Qxg6+ hxg6 39.gxf3 Kg7 40.Bh6+ Kxh6 
41.Rxf8 Nf4 42.Ne3 Kg5 43.Rd8 Kh4 44.Kf2 Nd3+ 45.Ke2 Nf4+ 46.Kd2 Kg3 47.
Rxd6 Kxf3 48.Rb6 g5 49.d6 g4 50.Nxg4 Kxg4 51.d7 Kf3 52.d8=Q e4 53.Qa8 Nh3 
54.Rf6+ Nf4 55.Rxf4+ Kxf4 56.Qe8 Kf3 57.Qxb5 e3+ 58.Ke1 1-0

[Event "icn3g3r3,Tournefeuille-St-Affrique"]
[Site "?"]
[Date "2003.11.16"]
[Round "?"]
[White "Wehmeier, Manuel"]
[Black "Redon, Philippe"]
[Result "0-1"]
[WhiteElo "1910"]
[BlackElo "2047"]
[EventDate "2003.??.??"]
[PlyCount "80"]

1.d4 Nf6 2.Nf3 c5 3.d5 d6 4.Nc3 e5 5.e4 g6 6.h3 Bg7 7.g4 Na6 8.Bg5 Nc7 9.
Qd2 a6 10.a4 b6 11.Bd3 Bd7 12.a5 b5 13.b4 cxb4 14.Na2 Qc8 15.Qxb4 O-O 16.
Qxd6 Nfxd5 17.Rd1 h6 18.exd5 hxg5 19.Nxg5 Rb8 20.Nb4 Ne8 21.Qxa6 Qc3+ 22.
Ke2 Qxb4 23.Ne4 f5 24.c3 Qe7 25.d6 Qd8 26.gxf5 Bxf5 27.h4 Nf6 28.Ng5 Qc8 
29.Bxb5 Qxa6 30.Bxa6 Ne4 31.Bc4+ Kh8 32.d7 Nxc3+ 33.Ke3 Nxd1+ 34.Rxd1 Bf6 
35.Nf7+ Kh7 36.Nd6 Bxd7 37.Bd5 Bxh4 38.f3 Bg5+ 39.Kf2 Rb2+ 40.Kf1 Bh3+ 0-1

[Event "icn3g3r3,Tournefeuille-St-Affrique"]
[Site "?"]
[Date "2003.11.16"]
[Round "?"]
[White "Pous, Vincent"]
[Black "Tarayre, Pascal"]
[Result "1-0"]
[WhiteElo "2053"]
[BlackElo "1884"]
[EventDate "2003.??.??"]
[PlyCount "37"]

1.e4 c5 2.Nc3 Nc6 3.d3 g6 4.g3 Bg7 5.Bg2 d6 6.Be3 Nf6 7.h3 Rb8 8.f4 e6 9.
Qd2 Nd4 10.Nd1 e5 11.c3 exf4 12.gxf4 Nc6 13.Ne2 Nh5 14.Nf2 Qh4 15.O-O-O 
Be6 16.Kb1 Rd8 17.Rhf1 O-O 18.f5 gxf5 19.Bg5 1-0

[Event "icn3g3r3,Tournefeuille-St-Affrique"]
[Site "?"]
[Date "2003.11.16"]
[Round "?"]
[White "Pech, Gilles"]
[Black "Laurain, Dominique"]
[Result "1-0"]
[WhiteElo "2049"]
[BlackElo "2060"]
[EventDate "2003.??.??"]
[PlyCount "111"]

1.d4 Nf6 2.c4 g6 3.Nc3 d5 4.cxd5 Nxd5 5.e4 Nxc3 6.bxc3 Bg7 7.Bc4 O-O 8.Ne2
c5 9.O-O Nc6 10.Be3 Qc7 11.Rc1 Na5 12.Bd3 Rd8 13.h3 b6 14.f4 e6 15.Qe1 Qe7
16.Qf2 Bb7 17.g4 Rac8 18.Kh2 cxd4 19.cxd4 Qa3 20.Bb1 Nc4 21.Rc3 Qd6 22.e5 
Qd5 23.Bc1 b5 24.Rd1 b4 25.Rg3 Rd7 26.Rgg1 Qf3 27.Rdf1 Qxf2+ 28.Rxf2 f6 
29.Rgf1 Rf8 30.Bd3 Bd5 31.Kg3 Rdf7 32.h4 fxe5 33.fxe5 Nb6 34.Nf4 a5 35.g5 
a4 36.h5 gxh5 37.Bxh7+ Kxh7 38.g6+ Kg8 39.gxf7+ Rxf7 40.Nxd5 Rxf2 41.Ne7+ 
Kf7 42.Rxf2+ Kxe7 43.Rb2 Nd5 44.Bd2 b3 45.axb3 axb3 46.Rxb3 Kf7 47.Kh4 Kg6
48.Rg3+ Kf7 49.Kxh5 Ne7 50.Rb3 Nf5 51.Rb7+ Kg8 52.Rd7 Kh7 53.Bf4 Kg8 54.
Bg5 Kh7 55.Bf6 Kg8 56.Kg6 1-0

[Event "icn3g3r3,Tournefeuille-St-Affrique"]
[Site "?"]
[Date "2003.11.16"]
[Round "?"]
[White "Lemeaux, David"]
[Black "Boyd, Stephen"]
[Result "0-1"]
[WhiteElo "2169"]
[BlackElo "2331"]
[EventDate "2003.??.??"]
[PlyCount "108"]

1.e4 c5 2.Nc3 Nc6 3.g3 g6 4.Bg2 Bg7 5.f4 e6 6.Nf3 Nge7 7.O-O d6 8.d3 O-O 
9.Ne2 Rb8 10.g4 f5 11.gxf5 exf5 12.c3 Kh8 13.Be3 b5 14.e5 Nd5 15.Bf2 dxe5 
16.Bxc5 exf4 17.Bxf8 Bxf8 18.Ned4 Nxd4 19.Nxd4 Ne3 20.Qe2 Qg5 21.Rf2 Bd6 
22.Nf3 Qf6 23.d4 Bb7 24.Ne5 $6 
    ( 24.Qd2 $11 )
24...Nxg2 25.Rxg2 Bxe5 26.Qxe5 Qxe5 27.dxe5 Bxg2 28.Kxg2 Re8 29.Kf3 
    ( 29.Re1 $17 )
29...Rxe5 30.Kxf4 Re4+ 31.Kf3 Kg7 32.Rd1 Kf6 33.Rd7 Re7 34.Rd5 a6 35.a4 
bxa4 36.Ra5 Re6 37.Rxa4 Rb6 38.h4 h6 39.Rc4 g5 40.b4 Rd6 41.hxg5+ hxg5 42.
Rc5 Ke6 43.Ke3 Kf6 44.Kf3 Kg6 45.Rc8 Rd3+ 46.Ke2 Rh3 47.c4 Rb3 48.Rb8 Rc3 
49.c5 a5 50.bxa5 Rxc5 51.a6 Ra5 52.Rb6+ Kh5 53.Kf3 Ra3+ 54.Kg2 Kg4 0-1

[Event "icn3g3r3,Tournefeuille-St-Affrique"]
[Site "?"]
[Date "2003.11.16"]
[Round "?"]
[White "Georgiev, K."]
[Black "Daloz, JM."]
[Result "1-0"]
[WhiteElo "2452"]
[BlackElo "2171"]
[EventDate "2003.??.??"]
[PlyCount "37"]

1.e4 c5 2.Nf3 Nc6 3.Bb5 g6 4.c3 Nf6 5.e5 Nd5 6.d4 cxd4 7.Qb3 a6 8.Be2 Qa5 
9.O-O dxc3 10.Bc4 e6 11.Bxd5 cxb2 12.Bxb2 Qxd5 13.Qxd5 exd5 14.Nc3 Bg7 15.
Nxd5 O-O 16.Ba3 Nxe5 
    ( 16...d6 $14 )
17.Nxe5 Bxe5 18.Bxf8 Bxa1 19.Nb6 1-0

[Event "icn3g3r3,Tournefeuille-St-Affrique"]
[Site "?"]
[Date "2003.11.16"]
[Round "?"]
[White "Genestous, Patrick"]
[Black "Bosc, Sebastien"]
[Result "1/2-1/2"]
[WhiteElo "2119"]
[BlackElo "2065"]
[EventDate "2003.??.??"]
[PlyCount "42"]

1.d4 d5 2.Bg5 Nf6 3.Nd2 Nbd7 4.Ngf3 h6 5.Bh4 e6 6.e3 Be7 7.Bd3 b6 8.Ne5 
Nxe5 9.dxe5 Nd7 10.Bg3 Nc5 11.Bb5+ Bd7 12.Be2 Bc6 13.O-O Ne4 14.Nxe4 dxe4 
15.Qc1 O-O 16.c3 Qc8 17.Qc2 Qb7 18.b4 a6 19.Rfd1 Rfd8 20.a4 b5 21.a5 Bd5 {
(=)} 1/2-1/2

[Event "icn3g3r3,Tournefeuille-St-Affrique"]
[Site "?"]
[Date "2003.11.16"]
[Round "?"]
[White "Garrel, Alain"]
[Black "Ninov, Nikolai"]
[Result "1/2-1/2"]
[WhiteElo "2152"]
[BlackElo "2451"]
[EventDate "2003.??.??"]
[PlyCount "57"]

1.d4 Nf6 2.Nf3 e6 3.g3 b5 4.Bg2 Bb7 5.Qd3 a6 6.a4 Be4 7.Qd1 b4 8.c4 bxc3 
9.Nxc3 Bb4 10.O-O Bxf3 11.Bxf3 d5 12.Bg5 h6 13.Bxf6 Qxf6 14.e4 c6 15.exd5 
cxd5 16.Bxd5 exd5 17.Re1+ Kd8 18.Nxd5 Qd6 19.Nxb4 Qxb4 20.Rc1 Nd7 21.Qf3 
Rc8 22.Rxc8+ Kxc8 23.Rc1+ Kd8 24.Qa8+ Qb8 25.Qxa6 Re8 26.Qa5+ Qb6 27.Qa8+ 
Qb8 28.Qa5+ Qb6 29.Qa8+ 1/2-1/2

[Event "icn3g3r3,Tournefeuille-St-Affrique"]
[Site "?"]
[Date "2003.11.16"]
[Round "?"]
[White "Cwiek, Perrine"]
[Black "Mourgues, J."]
[Result "0-1"]
[WhiteElo "1660"]
[BlackElo "1740"]
[EventDate "2003.??.??"]
[PlyCount "114"]

1.e4 c5 2.Nf3 d6 3.Bb5+ Nc6 4.d4 cxd4 5.Nxd4 Bd7 6.O-O Nf6 7.Re1 e5 8.Nf3 
Be7 9.Nc3 O-O 10.Bg5 Bg4 11.Qd3 a6 12.Ba4 b5 13.Bb3 Rc8 14.h3 Bxf3 15.Qxf3
Nd4 16.Qg3 Kh8 17.Rad1 b4 18.Bxf6 Bxf6 19.Nd5 Bh4 20.Qd3 Nxb3 21.Qxb3 a5 
22.Ne3 Qc7 23.Nf5 Be7 24.Qd5 Rfd8 25.Qxf7 Bf6 26.Qxc7 Rxc7 27.Nxd6 Rcd7 
28.Rd5 Rxd6 29.Rxa5 h6 30.Kf1 Rc8 31.f4 Re6 32.f5 Rd6 33.Re2 Rd4 34.Rd5 
Rd8 35.Rxd8+ Bxd8 36.Kf2 Kh7 37.Ke3 Kg8 38.Rd2 Bb6 39.b3 
    ( 39.Rxd4 $14 )
39...Rc4+ 40.Kf3 Rc3+ 41.Kg4 Re3 42.Rd6 Rxe4+ 43.Kh5 Bc5 44.Rc6 Be7 45.Kg6
Re3 46.Rc8+ Bf8 47.f6 Rg3+ 48.Kf5 Rg5+ 49.Ke6 g6 50.g4 e4 51.Rc4 e3 52.Re4
Rc5 53.Rxe3 Rxc2 54.Kd7 Rxa2 55.Ke8 Ra8+ 56.Kd7 Kf7 57.Re6 $4 Ra7+ 0-1

[Event "icn3g3r3,Tournefeuille-St-Affrique"]
[Site "?"]
[Date "2003.11.16"]
[Round "?"]
[White "Chaplin, Erik"]
[Black "Casella, Laurent"]
[Result "1-0"]
[WhiteElo "2136"]
[BlackElo "2110"]
[EventDate "2003.??.??"]
[PlyCount "103"]

1.e4 c5 2.Nf3 d6 3.Bb5+ Bd7 4.Bxd7+ Qxd7 5.O-O Nc6 6.c4 g6 7.d4 cxd4 8.
Nxd4 Bg7 9.Be3 Nf6 10.f3 O-O 11.Nc3 Rfd8 12.Qd2 Rac8 13.b3 h5 14.Qf2 b6 
15.Rad1 Qb7 16.Nxc6 Qxc6 17.Rd2 Qe8 18.Bd4 Qf8 19.Nb5 Rd7 20.Rfd1 Nh7 21.
f4 Rb7 22.Qf3 Rcb8 23.e5 dxe5 24.Bxe5 Bxe5 25.fxe5 Ng5 26.Qc6 Ne6 27.Nc3 
Rc7 28.Qe4 Re8 29.Nd5 Rcc8 30.Nf4 Nxf4 31.Qxf4 Red8 32.Rd5 Kh7 33.Rxd8 
Rxd8 34.Rxd8 Qxd8 35.Qxf7+ Kh8 36.Qd5 Qc7 37.h4 Kg7 38.Kf2 Qc8 39.e6 Qc7 
40.Qd4+ Kh7 41.b4 Qb8 42.Kf3 Qf8+ 43.Qf4 Qh8 44.Qf7+ Kh6 45.Ke4 Qd8 46.c5 
Qd1 47.Qf8+ Kh7 48.Qxe7+ Kh6 49.Qf8+ Kh7 50.e7 Qe2+ 51.Kd5 Qxa2+ 52.Kd6 
1-0